Global Gods (Record no. 17840)

MARC details
000 -LEADER
fixed length control field 00607nam a2200229 a 4500
020 ## - INTERNATIONAL STANDARD BOOK NUMBER
ISBN 0836190068
082 00 - DEWEY DECIMAL CLASSIFICATION NUMBER
Classification number 291
Author Cutter SHE
100 ## - MAIN ENTRY--AUTHOR NAME
Author name Shenk, David W
245 ## - TITLE STATEMENT
Title Global Gods
Sub title Exploring the Role of Religions in Modern Societiesbiblio
260 ## - PUBLICATION, DISTRIBUTION, ETC. (IMPRINT)
Place of publication Ontario
Name of publisher Herald Press
Year of publication 1973
500 ## - GENERAL NOTE
General note includes index and biblioraphy
505 2# - FORMATTED CONTENTS NOTE
Formatted contents note 403p
650 ## - SUBJECT ADDED ENTRY--TOPICAL TERM
Topical Term Comparative Religion
942 ## - ADDED ENTRY ELEMENTS (KOHA)
Koha item type Books
700 1# -
-- Shenk, David W
Holdings
Collection code Home library Current library Date acquired Cost, normal purchase price Full call number Accession Number Koha item type
  Henry Martyn Institute Library Henry Martyn Institute Library 04/14/2008 100.00 291 SHE 11002023 Books
                   Copyright © 2026 | Henry Martyn Institute | Hyderabad | TS-500052 | INDIA | Implemented by hmi.edu.in
Hit-Count:

Powered by Koha